000 00694nam a22002417a 4500
003 OSt
005 20220107122806.0
008 151005b xxu||||| |||| 00| 0 eng d
020 _a9788122426601
040 _cIIITMK
082 _a006.7 BHU/M
100 _aBhunia, C. T
_97910
245 _aMultimedia and multimedia communication
_cBhunia, C. T
260 _aNew Delhi,
_bNew Age International,
_c2009.
300 _aviii, 276p.
650 _aCOMMUNICATION ENGINEERING
_97911
650 _aELECTRICAL ENGINEERING
_97912
650 _aMULTIMEDIA COMMUNICATIONS
_97913
650 _aSYSTEMS DESIGN
_97914
650 _aNETWORKING
_97915
650 _aMULTIMEDIA
_97916
942 _2ddc
_cBK
999 _c4856
_d4856